Amor de la foto.
Saved in:
| Hovedforfatter: | |
|---|---|
| Andre forfattere: | |
| Format: | Ukendt |
| Udgivet: |
Adrogué, Argentina:
La Cebra
2022.
Santiago, Chile: Palinodia, |
| Serier: | Colección Biblioteca Patricio Marchant
|
| Fag: | |
| Tags: |
Tilføj Tag
Ingen Tags, Vær først til at tagge denne postø!
|
MARC
| LEADER | 00000 a2200000 4500 | ||
|---|---|---|---|
| 003 | CL-VaPUC | ||
| 005 | 20230330111804.0 | ||
| 008 | 230116t2022 ||||| |||| 00| 0 eng d | ||
| 999 | |c 439895 |d 439893 | ||
| 020 | |a 978-987-8956-07-7 | ||
| 040 | |c Pontificia Universidad Católica de Valparaíso | ||
| 082 | |a 199.83 MAR 2022 | ||
| 100 | |a Marchant, Patricio |9 601593 |e autor | ||
| 245 | |a Amor de la foto. | ||
| 260 | |a Adrogué, Argentina: |b La Cebra | ||
| 260 | |a Santiago, Chile: |b Palinodia, |c 2022. | ||
| 300 | |a 163 páginas. | ||
| 490 | |a Colección Biblioteca Patricio Marchant | ||
| 583 | |k GC |c 20230116 | ||
| 650 | |a Filosofía contemporánea |9 265372 | ||
| 700 | |a Bórquez, Zeto |e introducción |9 879892 | ||
| 942 | |2 ddc |c BK | ||
| 952 | |0 0 |1 0 |2 ddc |4 0 |6 199_830000000000000_MAR_2022 |7 0 |8 A |9 588636 |a BIBART |b BIBART |c GEN |d 2023-01-13 |e 135 |g 18400.00 |i 5656416 |o 199.83 MAR 2022 |p 5656416 |r 2025-03-13 |t 1 |v 18400.00 |w 2023-01-13 |y BK |k ART | ||